00330nam a22000977a 4500008004100000020001500041082001900056245008600075260006100161300001000222230626b xxu||||| |||| 00| 0 eng d a9966957154 a337.bOCH 2003 aNegotiating Economic Patnership AgreementsbChallenges for East African Countries aKenyabFriedrich Ebert Stiftung and Econews Africac2003 aV,46p